000 01412nam0a2200301 4500
001 RU\NLR\bibl\842551
005 20250614145228.0
035 _a(NLR Aleph) 000831372
090 _a1362933
_c1362933
100 _a20050919d2005 |||y0rusy50 ca
101 0 _arus
102 _aRU
105 _ay |||||||||
200 1 _aИспользование психологических познаний для определения общих условий уголовной ответственности
_eнаучно-методическое пособие
_fО.Д. Ситковская
_gГенер. прокуратура РФ, НИИ пробл. укрепления законности и правопорядка
210 _aМосква
_cНИИ проблем укрепления законности и правопорядка
_d2005
215 _a75 с.
_d21
320 _aБиблиогр. в примеч.: с. 72-75
606 1 _aСудебно-психологическая экспертиза
_jМетодические пособия
_92062224
_3RU\NLR\auth\661236498
686 _aЮ947.1-72я78
686 _aХ628.101.2я7
686 _aР648.1я8
700 1 _aСитковская
_bО. Д.
_gОльга Давидовна
_4070
801 0 _aRU
_bNLR
_c20050919
_grcr
801 1 _aRU
_bNLR
_c20050919
830 _aавт. по ЭК
942 _cBOOK
980 _aNB